01054cam a22002531 4500001001300000003000400013005001700017008004100034010001700075035001900092040002600111042001200137050001500149100003200164245021600196260006000412300006500472410007600537504003300613500006800646650003400714651003500748999001700783gs 23000221 DLC20260227111327.0790802s1923 kyua b 000 0 eng  ags 23000221  a(OCoLC)5232803 aDLCcTxCMdOCoLCdDLC apremarc00aF451b.D241 aDavis, Darrell Haug,d1879-14aThe geography of the Jackson purchase.bA study of the distribution and activities of man in the gulf embayment area of western Kentucky,cby Darrel Haug Davis. Illustrated by 100 photographs, maps and diagrams. aFrankfort, Ky.,bThe Kentucky Geological survey,c1923. a10 p., 2 l., 185 p.bfront., illus., tables, diagrs.c24 cm.10aKentucky.bGeological survey, 1920-tSeries VI [Geologic reports]vv. 9 aBibliographies interspersed. aPublished also as thesis (Ph. D.) University of Michigan, 1923. 0aPhysical geographyzKentucky. 0aKentuckyxEconomic conditions. c26258d26258